000
00328nam a22001457a 4500
008
221017b ||||| |||| 00| 0 eng d
020
_a
9789951279529
041
_a
eng
080
_a
72
082
_a
72 BAL
100
_a
19.1
101
_a
ART
245
_a
ARKITEKTURA BASHKEKOHORE E PEIZAZHIT
_c
BALAJ N
942
_2
udc
_c
BK
999
_c
58585
_d
58585